Statistics for Slipknot Trivia

Click here to take the quiz!

General Stats

  • This quiz has been taken 240 times
  • The average score is 11 of 20

Answer Stats

QuestionAnswer% Correct
What band did guitarist James Root leave in 2014, and lead singer Corey Taylor still remains in?Stone Sour
96%
What state are they from? Also the name of their second studio album.Iowa
89%
Their 5th studio album is dedicated to which previous member?Paul Gray
89%
What Sub-genre of music is Slipknot?Nu-metal
88%
How many members are there at any one point?9
86%
What is the name of their first studio album?slipknot
84%
What are slipknot fans called?maggots
80%
What song has a music video featuring all band members dying in unique ways?The devil in I
72%
Who is the second tallest member of Slipknot?Michael Thomson
71%
Which member broke both their heels on stage attempting to jump another member of the band?Sid Wilson
68%
Member Craig Jones joined the band playing what instrument?Guitar
56%
What guitar brand has James Root used for all his signature models?Fender
53%
Corey Taylor sang vocals for which over band on stage, when their vocalist was sick?Korn
44%
And what is he now?Sampler
35%
Slipknot were pranked on stage by what major band wearing cheap masks?Metallica
33%
What was the nickname for a fan who was disliked greatly during moshing at shows?Thor
32%
What musical group did Slipknot pretend to hate, to get time with Howard Stern?Insane Clown Posse
26%
What is Chris's mask called?The Liars mask
13%
What NFL team is supported by number 7?Oakland Raiders
9%
And what other popular band's vocalist covered too, that Corey has mentioned in interviews before?Avenged Sevenfold
5%

Score Distribution

Percentile by Number Answered

Percent of People with Each Score

Your Score History

You have not taken this quiz